| 000 | 00510nam a22001697a 4500 | ||
|---|---|---|---|
| 999 |
_c62228 _d62228 |
||
| 005 | 20240823145338.0 | ||
| 008 | 240823c2003 enk||||| |||| 00| 0 eng d | ||
| 022 | _a0264 3758 | ||
| 041 | _ang | ||
| 245 |
_aJournal of Applied Philosophy : _b2003 / _cEditor Suzanne Uniacke. |
||
| 260 |
_aLondon : _bBlackwell, _c2003 |
||
| 300 | _aV. | ||
| 653 | _aფილოსოფია | ||
| 653 | _aპერიოდიკა | ||
| 700 |
_aUniacke, Suzanne _e რედაქტორი _923114 |
||
| 942 |
_2udc _cCR |
||